000 01126nam a2200277 i 4500
003 EG-ScBUE
005 20240813124542.0
008 100414s1983 xx f b 000 0bara d
040 _aEG-ScBUE
_bara
_erda
_cEG-ScBUE
_dEG-ScBUE
043 _af-iy---
082 0 4 _222
_a961.203
_bم ن ا
100 1 _913496
_aمناع، محمد عبد الرازق،
_eمؤلف.
245 1 0 _aصالح الأطيوش :
_bحياته وجهاده /
_cمحمد عبد الرازق مناع.
250 _aالطبعة الأولى.
264 1 _a[مكان النشر غير محدد] :
_b[اسم الناشر غير محدد]،
_c1983.
300 _a221 صفحة ؛
_c21 سم.
336 _2rdacontent
_aنص
_btxt
337 _aبدون وسيط
_2rdamedia
_bn
338 _aمجلد
_bnc
_2rdacarrier
490 0 _aمن البطولات العربية الخالدة
504 _aيشتمل على إرجاعات ببليوجرافية.
600 1 7 _913498
_aأطيوش، صالح،
_d1878 - 1948.
_2BUEsh
651 7 _913497
_aليبيا
_xتاريخ
_yالعصر الحديث 1912-1951.
_2BUEsh
655 _vReading book
942 _2ddc
_cBB
999 _c13885
_d13885